| 000 | 01852nam a2200337 4500 | ||
|---|---|---|---|
| 003 | PE-LiUPU | ||
| 005 | 20250731183414.0 | ||
| 008 | 210921n 000 0 eng u | ||
| 020 | _a9780300080557 | ||
| 035 | _a(Sirsi) a252891 | ||
| 082 | 0 | 4 |
_a788.86519 _bP26 |
| 100 | 1 |
_aParakilas, James, _eautor |
|
| 245 | 1 | 0 |
_aPiano roles : _bthree hundred years of life with the piano / _cJames Parakilas with E. Douglas Bomberger ... [et al.] ; foreword by Noah Adams. |
| 300 |
_ax, 461 páginas : _bilustraciones ; _c26 centímetros |
||
| 500 | _aIncluye referencias bibliográficas e índice. | ||
| 505 | 0 | _aIntro -- Contents -- Acknowledgments -- Introduction -- One 1700 to 1770s: The Need for the Piano -- Two Designing, Making, and Selling Pianos -- Three 1770s to 1820s: The Piano Revolution in the Age of Revolutions -- Four The Piano Lesson -- Five 1820s to 1870s: The Piano Calls the Tune -- Six The Concert and the Virtuoso -- Seven 1870s to 1920s: The World's the Limit -- Eight Hollywood's Embattled Icon -- Nine 1920s to 2000: New Voices from the Old Impersonator -- Afterword: Making the Piano Historical -- Notes -- Recommended Readings -- Contributors -- Index. | |
| 526 | _aP158 | ||
| 526 | _aP146 | ||
| 526 | _aP17 | ||
| 526 | _aP12 | ||
| 526 | _aP06 | ||
| 650 | 0 | 4 |
_aPiano _xHistoria. |
| 650 | 0 | 4 |
_aMúsica _xAspectos sociales. |
| 598 | _aCATALOGING | ||
| 700 | 1 |
_aBomberger, E. Douglas 1958- _eautor |
|
| 596 | _a1 | ||
| 942 |
_2ddc _cBOOK |
||
| 949 |
_a788.86519 P26 _wDEWEY _c1 _i70905 _mBC _p15.00 _r0 _sY _tLIBRO _u2021-04-20 _xFACIHED _zEducación musical y artes _oSTAFF. Colección General |
||
| 999 |
_a788.86519 P26 _wDEWEY _c32090 _i70905 _f2022-6-9 _g1 _lCCODEBUL1 _mBUL _p15.00 _r0 _sY _tBOOK _u2021-9-21 _xEDUCACION _zP17 _0UNKNOWN _d32090 |
||
| 264 |
_aNew Haven : _bYale University Press, _c2000 |
||
| 980 |
_81 _gALBERTO SANCHEZ Responsable de Automatización |
||